Promyšlennaja ekspluatacija avtomatizirovannych dokumental'nych informacionnych sistem opyt razrabotki, ...

Guardado en:
Detalles Bibliográficos
Autor principal: Machotenko, Jurij Aleksandrovič
Otros Autores: Nitjušin, J.B, Novikova, L.S
Formato: Libro
Lenguaje:ruso
Publicado: Moskva Finansy i statistika 1983
Etiquetas: Agregar Etiqueta
Sin Etiquetas, Sea el primero en etiquetar este registro!

MARC

LEADER 00000nam a2200000 4500
001 c132454
005 20041019155255.2
041 0 |a rus 
044 |a RU 
245 1 0 |a Promyšlennaja ekspluatacija avtomatizirovannych dokumental'nych informacionnych sistem  |b opyt razrabotki, ...  |c Jurij Aleksandrovič Machotenko, J.B. Nitjušin, L.S. Novikova 
264 1 |a Moskva  |b Finansy i statistika  |c 1983 
300 |a 141 s. 
100 1 |a Machotenko, Jurij Aleksandrovič 
700 1 |a Nitjušin, J.B. 
700 1 |a Novikova, L.S.